LEADER 00862nam a2200217 i 4500 001 000000069243 003 CaOOAMICUS 005 20080422000000.0 008 080422s1948 it u000 u fre u 013 $a40415 040 $aSeMil$bita 100 1 $aHermans, Francis.$0(OLS)http://semarc/name/8461 245 13$aLe matin /$cFrancis Hermans. 260 $aTournai ; Paris :$bCasterman,$c1948. 300 $a389 p. ;$c19 cm. 650 4$aUmanesimo cristiano.$0(OLS)http://semarc/subject/2996 773 0 $aHermans, Francis$tHistoire Doctrinale de l'Humanisme chrétien.$dTournai ; Paris : Casterman, 1948.$g2$w()18874 850 $aSeMil 852 $aSeMil$W1$xVenegono$y1$m2P I 2$j35396$B35396$CSeMilBibl$Z2$F35399 $81 996 $6245$aLe matin$9(OLS)http://semarc/title/110806 996 $6260$aTournai ; Paris :$bCasterman$9(OLS)http://semarc/publisher/29871 LEADER 01390nam a2200301 i 4500 001 000000152708 003 CaOOAMICUS 005 20060829000000.0 008 060829s1973 it u000 u ita u 013 $a130049 040 $aSeMil$bita 245 13$aIl mondo agrario nel Medioevo /$cdi Vincenzo D'Alessandro ; testi antologici da Salviano di Marsiglia ... [et al.]. 260 $aMessina ; Firenze :$bD'Anna,$c1973. 300 $a149 p. :$bill. ;$c21 cm. 490 0 $aSecondo millennio : problemi di storia per le scuole superiori ;$v1 500 $aContiene : Nota bibliografica. 650 4$aEconomia - Storia - Medioevo.$0(OLS)http://semarc/subject/13621 650 4$aAgricoltura - Europa - Sec. 5.-15.$0(OLS)http://semarc/subject/29811 700 1 $aD'Alessandro, Vincenzo.$0(OLS)http://semarc/name/15907 700 0 $aSalvianus : Massiliensis,$c.$0(OLS)http://semarc/name/4812 830 0$aSecondo Millennio [D'Anna] ;$v1.$0(OLS)http://semarc/title/7463 850 $aSeMil 852 $aSeMil$W1$xVenegono$y1$m3T III 46$j104655$B104655$CSeMilBibl$Z2$F116888 $81 900 0 $aSalviano : di Marsiglia. 961 $aOmaggio: Gualerni don Gualberto 996 $6245$aIl mondo agrario nel Medioevo$9(OLS)http://semarc/title/223273 996 $6260$aMessina ; Firenze :$bD'Anna$9(OLS)http://semarc/publisher/30286